Study guide for Nursing research in Canada : (Record no. 2217)
[ view plain ]
| 000 -LEADER | |
|---|---|
| fixed length control field | 01231cam a2200325 a 4500 |
| 003 - CONTROL NUMBER IDENTIFIER | |
| control field | CaOOAMICUS |
| 005 - DATE AND TIME OF LATEST TRANSACTION | |
| control field | 20210707081155.0 |
| 008 - FIXED-LENGTH DATA ELEMENTS--GENERAL INFORMATION | |
| fixed length control field | 071126s2009 oncak b 000 0 eng |
| 020 ## - INTERNATIONAL STANDARD BOOK NUMBER | |
| International Standard Book Number | 9780779699964 (pbk.) : |
| 040 ## - CATALOGING SOURCE | |
| Transcribing agency | CaOONL |
| 050 ## - LIBRARY OF CONGRESS CALL NUMBER | |
| Classification number | RT81.5 |
| Item number | .N87 2008 |
| 055 #0 - CLASSIFICATION NUMBERS ASSIGNED IN CANADA | |
| Classification number | RT81.5 |
| Item number | N8724 2008 Suppl. |
| 090 ## - LOCALLY ASSIGNED LC-TYPE CALL NUMBER (OCLC); LOCAL CALL NUMBER (RLIN) | |
| Classification number (OCLC) (R) ; Classification number, CALL (RLIN) (NR) | 610.73072 STU |
| 090 ## - LOCALLY ASSIGNED LC-TYPE CALL NUMBER (OCLC); LOCAL CALL NUMBER (RLIN) | |
| Classification number (OCLC) (R) ; Classification number, CALL (RLIN) (NR) | 610.73072 S764 2009 |
| 245 00 - TITLE STATEMENT | |
| Title | Study guide for Nursing research in Canada : |
| Remainder of title | methods and critical appraisal for evidence-based practice / |
| Statement of responsibility, etc. | [Geri LoBiondo-Wood, Judith Haber]. |
| 250 ## - EDITION STATEMENT | |
| Edition statement | Second Canadian edition / |
| Remainder of edition statement | Canadian editors, Cherylyn Cameron, Mina D. Singh |
| 260 ## - PUBLICATION, DISTRIBUTION, ETC. | |
| Place of publication, distribution, etc. | Toronto : |
| Name of publisher, distributor, etc. | Mosby Canada, |
| Date of publication, distribution, etc. | c2009. |
| 300 ## - PHYSICAL DESCRIPTION | |
| Extent | xi, 212 pages : |
| Other physical details | illustrations, forms ; |
| Dimensions | 24 cm. |
| 336 ## - CONTENT TYPE | |
| Content type term | text |
| Content type code | txt |
| Source | rdacontent |
| 337 ## - MEDIA TYPE | |
| Media type term | unmediated |
| Media type code | n |
| Source | rdamedia |
| 338 ## - CARRIER TYPE | |
| Carrier type term | volume |
| Carrier type code | nc |
| Source | rdacarrier |
| 650 #0 - SUBJECT ADDED ENTRY--TOPICAL TERM | |
| Topical term or geographic name entry element | Nursing |
| General subdivision | Research |
| Geographic subdivision | Canada |
| Form subdivision | Textbooks. |
| 700 1# - ADDED ENTRY--PERSONAL NAME | |
| Personal name | Haber, Judith. |
| 700 1# - ADDED ENTRY--PERSONAL NAME | |
| Personal name | LoBiondo-Wood, Geri. |
| 700 1# - ADDED ENTRY--PERSONAL NAME | |
| Personal name | Cameron, Cherylyn, |
| Dates associated with a name | 1958- |
| 700 1# - ADDED ENTRY--PERSONAL NAME | |
| Personal name | Singh, Mina D. |
| 772 0# - SUPPLEMENT PARENT ENTRY | |
| Main entry heading | LoBiondo-Wood, Geri. |
| Title | Nursing research in Canada. |
| Edition | 2nd Canadian ed.. |
| Place, publisher, and date of publication | Toronto : Mosby Canada, c2009. |
| Record control number | (CaOONL)20079072984 |
| 910 ## - USER-OPTION DATA (OCLC) | |
| User-option data | Canadian |
| 942 ## - ADDED ENTRY ELEMENTS (KOHA) | |
| Source of classification or shelving scheme | |
| Koha item type | Book |
| Suppress in OPAC | SO |
| Withdrawn status | Lost status | Source of classification or shelving scheme | Damaged status | Not for loan | Permanent Location | Current Location | Shelving location | Date acquired | Total Checkouts | Full call number | Barcode | Date last seen | Price effective from | Koha item type | Public note |
|---|---|---|---|---|---|---|---|---|---|---|---|---|---|---|---|
| AU LIBRARY | AU LIBRARY | Open Shelf | 07.07.2021 | RT81.5 .N87 2008 | 28001540 | 07.07.2021 | 07.07.2021 | Book | SO |